[Event "Hannover Region-ch"]
[Site "Langenhagen"]
[Date "2011.02.19"]
[Round "3"]
[White "Nagel, Detlev"]
[Black "Loessing, Thorsten"]
[Result "1/2-1/2"]
[WhiteElo "1394"]
[BlackElo "1499"]
[PlyCount "120"]
[EventDate "2011.01.29"]
[EventType "swiss"]
[EventRounds "7"]
[EventCountry "GER"]
[SourceTitle "EXT 2021"]
[Source "ChessBase"]
[SourceDate "2020.10.23"]
[SourceVersion "1"]
[SourceVersionDate "2020.10.23"]
[SourceQuality "1"]

1. d4 Nf6 2. c4 g6 3. Nc3 Bg7 4. Nf3 d6 5. Bg5 0-0 6. e3 Nbd7 7. Be2 c5 8. d5 Re8 9. 0-0 h6 10. Bxf6 Nxf6 11. Rb1 Bf5 12. Nd2 Bxb1 13. Qxb1 e6 14. dxe6 Rxe6 15. Bf3 Rb8 16. Nd5 b5 17. b3 Kh8 18. Qc2 Nxd5 19. Bxd5 Re7 20. Rd1 b4 21. Nf3 Rc7 22. g3 Qf6 23. Kg2 Rb6 24. Rd2 Ra6 25. Qd1 Ra3 26. Qe2 a5 27. Rc2 a4 28. Nd2 axb3 29. axb3 Rca7 30. Qd3 Ra2 31. Ne4 Qe7 32. Bc6 Rxc2 33. Qxc2 f5 34. Nd2 Qe5 35. Ba4 Qc3 36. Qd1 Qd3 37. Qc1 Bc3 38. Nf3 Qe4 39. Qd1 Ra6 40. h3 Kg7 41. Kh2 g5 42. Ng1 f4 43. exf4 Qd4 44. Qe2 gxf4 45. Qg4+ Kh8 46. Qc8+ Kg7 47. Qd7+ Kf6 48. Qd8+ Kg7 49. Qe7+ Kg8 50. Qe8+ Kh7 51. Qf7+ Qg7 52. Qxf4 Rxa4 53. bxa4 b3 54. Qe4+ Kh8 55. Nf3 b2 56. Nh4 Qh7 57. Qe8+ Qg8 58. Qe4 Qh7 59. Qe8+ Qg8 60. Qe4 Qh7 1/2-1/2

[Event "Hannover Region-ch"]
[Site "Langenhagen"]
[Date "2011.02.12"]
[Round "2"]
[White "Loessing, Thorsten"]
[Black "Celik, Abdullah1"]
[Result "0-1"]
[WhiteElo "1499"]
[BlackElo "1885"]
[PlyCount "79"]
[EventDate "2011.01.29"]
[EventType "swiss"]
[EventRounds "7"]
[EventCountry "GER"]
[SourceTitle "EXT 2021"]
[Source "ChessBase"]
[SourceDate "2020.10.23"]
[SourceVersion "1"]
[SourceVersionDate "2020.10.23"]
[SourceQuality "1"]

1. c4 Nf6 2. g3 g6 3. Bg2 Bg7 4. Nc3 0-0 5. e3 d6 6. Nge2 Nbd7 7. b4 Ne5 8. d3 Bg4 9. f4 Nc6 10. 0-0 Nxb4 11. Rb1 c5 12. a3 Nc6 13. Rxb7 Qc8 14. Rb1 Bh3 15. Qa4 Bxg2 16. Kxg2 h5 17. Bd2 h4 18. h3 hxg3 19. Nxg3 Nd7 20. Nce4 Nb6 21. Qc2 Qa6 22. f5 Ne5 23. f6 exf6 24. Nxd6 Rad8 25. d4 Rxd6 26. dxc5 Rxd2+ 27. Qxd2 Nbxc4 28. Qc1 Rd8 29. Rb3 Qc6+ 30. Kh2 Rd2+ 31. Qxd2 Nxd2 32. Rb8+ Kh7 33. Rf4 Nef3+ 34. Kg2 Ne1+ 35. Kf2 Nd3+ 36. Ke2 Nxf4+ 37. Kxd2 Qg2+ 38. Kc3 Qxg3 39. Kc4 Ne6 40. c6 0-1

[Event "Hannover-chA"]
[Site "Lehrte"]
[Date "2010.10.12"]
[Round "7"]
[White "Kohnen, Katharina"]
[Black "Loessing, Thorsten"]
[Result "0-1"]
[WhiteElo "1391"]
[BlackElo "1492"]
[PlyCount "152"]
[EventDate "2010.10.09"]
[EventType "swiss"]
[EventRounds "7"]
[EventCountry "GER"]
[SourceTitle "EXT 2021"]
[Source "ChessBase"]
[SourceDate "2020.10.23"]
[SourceVersion "1"]
[SourceVersionDate "2020.10.23"]
[SourceQuality "1"]

1. e4 c5 2. c4 Nc6 3. Nc3 Nf6 4. g3 d6 5. h3 Bd7 6. Bg2 a6 7. Nge2 Qc8 8. g4 h6 9. d3 e5 10. f4 Be7 11. f5 Nd4 12. Be3 b5 13. Nd5 Nxd5 14. exd5 Bh4+ 15. Bf2 Qd8 16. 0-0 h5 17. Nxd4 cxd4 18. Qe2 bxc4 19. Bxd4 cxd3 20. Qe3 Bg5 21. Qe4 Kf8 22. Bc3 Qb6+ 23. Kh1 d2 24. Rad1 Bb5 25. Rf3 hxg4 26. Rg3 Qf2 27. Qxg4 f6 28. Qf3 Qe2 29. Rg1 e4 30. Qxe4 d1Q 31. Rxd1 Qxd1+ 32. Kh2 Re8 33. Qb4 Rh4 34. Qxd6+ Kg8 35. Rg4 Rxg4 36. hxg4 Qe2 37. Qg3 Re4 38. Qb8+ Kh7 39. Kh3 Qe3+ 40. Qg3 Qxg3+ 41. Kxg3 Re3+ 42. Kf2 Re2+ 43. Kf3 Re3+ 44. Kf2 Re8 45. a3 Bh4+ 46. Kf3 Bd3 47. Kf4 Bg5+ 48. Kg3 Re3+ 49. Kf2 Re8 50. Kg3 Be4 51. Bf1 Bxd5 52. Bxa6 Bc1 53. Kf2 Rb8 54. a4 Bxb2 55. Bxb2 Rxb2+ 56. Kg3 Bc6 57. Bb5 Bxb5 58. axb5 Rxb5 59. Kf4 Rb4+ 60. Kg3 Kh6 61. Kh4 Rd4 62. Kg3 Kg5 63. Kf3 Rxg4 64. Ke3 Kxf5 65. Kf3 g5 66. Kf2 Ra4 67. Kg3 g4 68. Kf2 Ra3 69. Kg2 Ke4 70. Kf2 f5 71. Kg2 f4 72. Kf2 Ra2+ 73. Kf1 Ke3 74. Kg1 g3 75. Kh1 f3 76. Kg1 Ra1# 0-1